000 00778nam a2200277Ia 4500
003 OSt
005 20221007064656.0
006 a|||||r|||| 00| 0
007 ta
008 221006b |||||||| |||| 00| 0 eng d
020 _a8187162562
024 _a478
037 _cReference Collections
040 _aFLL
_cFLL
_beng
041 _2eng
_aeng
082 _aD854:Z, P2.3
100 _aUpadhyay Sanjay
245 0 _aEnvironment protection, land and energy laws
250 _aVol.3
260 _aDelhi
_bLexis Nexis India
_c2002
300 _a486p
_ccm.
650 _aEnviromental Law
_9686155
700 _a Upadhyay Videh
_9370958
942 _hD854:Z, P2.3
_cREF
_2CC
999 _c1134974
_d1134974